Statistics for Name that Anime

Click here to take the quiz!

General Stats

  • This quiz has been taken 3,057 times
  • The average score is 6 of 11

Answer Stats

HintAnswer% Correct
Big ass wall to keep the "giants" outAttack on Titan
98%
Log off?Sword Art Online
85%
Devil fruitOne Piece
74%
Two brothers on a journeyFull Metal Alchemist
72%
Believe it!Naruto
56%
Microwave time machineSteins Gate
56%
Part time workThe Devil is a Part Timer
55%
CannabalismTokyo Ghoul
40%
Don't drink itBleach
18%
Gaming becomes realityBtooom
3%
Small town murder mysteryPersona 4
1%

Score Distribution

Percentile by Number Answered

Percent of People with Each Score

Your Score History

You have not taken this quiz